Compulsory Treatment for Drug-Dependent Persons - Justifications for a Public Health Approach to Drug Dependency

Saved in:  
Bibliographic Details
Main Author: Gostin, L. O. (Author)
Format: Print Article
Language:English
Published: 1991
In:In: Milbank Quarterly 69(1991), 4, Seite 561-594
Check availability: HBZ Gateway
Keywords:

MARC

LEADER 00000caa a22000002c 4500
001 1640063633
003 DE-627
005 20230426113905.0
007 tu
008 160223s1991 xx ||||| 00| ||eng c
035 |a (DE-627)1640063633 
035 |a (DE-576)456043772 
035 |a (DE-599)BSZ456043772 
040 |a DE-627  |b ger  |c DE-627  |e rakwb 
041 |a eng 
100 1 |a Gostin, L. O.  |4 aut 
245 1 0 |a Compulsory Treatment for Drug-Dependent Persons - Justifications for a Public Health Approach to Drug Dependency  |c L.O Gostin 
264 1 |c 1991 
336 |a Text  |b txt  |2 rdacontent 
337 |a ohne Hilfsmittel zu benutzen  |b n  |2 rdamedia 
338 |a Band  |b nc  |2 rdacarrier 
773 0 8 |i In  |a Milbank Quarterly  |g 69(1991), 4, Seite 561-594 
773 1 8 |g volume:69  |g year:1991  |g number:4  |g pages:561-594 
935 |a mkri 
951 |a AR 
ELC |b 1 
LOK |0 000 xxxxxcx a22 zn 4500 
LOK |0 001 3301342507 
LOK |0 003 DE-627 
LOK |0 004 1640063633 
LOK |0 005 20160223101059 
LOK |0 008 160208||||||||||||||||ger||||||| 
LOK |0 040   |a DE-21-110  |c DE-627  |d DE-21-110 
LOK |0 689   |a s  |a Drogenabhängige 
LOK |0 689   |a s  |a Zwangsbehandlung 
LOK |0 852   |z Kein Bestand am IfK; Nachweis für KrimDok 
LOK |0 852   |a DE-21-110 
LOK |0 852 1  |m v  |9 00 
LOK |0 935   |a k110 
LOK |0 938   |k v 
LOK |0 939   |a 08-02-16  |b l01 
ORI |a SA-MARC-krimdoka001.raw